1018 1909 1816 1581 1956 1644 1582 1942 1052 1863 1253 1087 1921 1175 1364 1323 1485 1076 1153 1554 1914 1986 1983 1032 1611 1342 1540 1978 1947 1787 1405 1692 1341 1190 1426 1603 1941 1836 1515 1958 1763 1990 1730 1764 1119 1986 1660 1414 1446 1495 1348 1212 1687 1212 1916 1326 1470 1982 1282 1876 1295 1927 1539 1957 1945 1858 1550 1582 1117 1437 1965 1711 1079 1634 1437 1764 1371 1688 1030 1895 1095 1268 1821 1882 1644 1970 1082 1042 1372 1523 1186 1543 1977 1466 1876 1983 1112 1617 1099 BCNSPRNW ULIB Ver.6.0+V

เปลี่ยนเป็นภาษาไทย

Change to English
 แสดงรายละเอียดบรรณานุกรม
  กลับหน้าหลัก

Brief Record : Get Marc (ISO 2709) : E-mail record : QR code < ปิดหน้าต่าง
LEADER : 00000nam 2200000uu 4500
001    13399127882
003     ULIB
008    020711s2563 th a 000 0 tha d
020    ^a9786164261730
050    ^aQA100^bช424ค
100    ^aชัยรัตน์ มดนาค
245    ^aคณิตศาสตร์ประกันชีวิตเบื้องต้น
250    พิมพ์ครั้งที่ 1
260    ^aพิษณุโลก :^bสำนักพิมพ์มหาวิทยาลัยนเรศวร,^c2563
300    ^a324 หน้า;^b26 ซม.
650    ^aประกันชีวิต
945    ^p380^l0^i008512
999    ^aประนอม เกษจรัล
รายการนี้ยังไม่มีแท็ก
คุณยังไม่ได้ล็อกอิน คุณสามารถมีกิจกรรมร่วมกับเว็บไซต์ได้ แต่ต้องล็อกอินก่อน ::
  ล็อกอิน

รายการสื่อสารสนเทศ

ลำดับที่ ประเภท เลขเรียก/บาร์โค้ด สถานที่ สถานะ
1. การศึกษาทั่วไป
หนังสือสำรอง
สถานะ=หนังสือสำรอง
QA100 ช424ค ฉ.1 
  Barcode: 008512
ห้องสมุดวิทยาเขตสวรรค์ประชารักษ์
►หนังสือทั่วไป
บนชั้น

รายการใกล้เคียง
    ชื่อเรื่อง [คณิตศาสตร์ประกันชีวิตเบื้องต้น]

    หัวเรื่อง [ประกันชีวิต]

BibComment


ยังไม่เคยถูกคอมเมนท์

คอมเมนท์ทรัพยากรรายการนี้
  คอมเมนท์: คณิตศาสตร์ประกัน..


 Copyright 2026. Bcnsprnw @Library